Statistics for Match Movies to Integral Actors

Click here to take the quiz!

General Stats

  • This quiz has been taken 28 times
  • The average score is 15 of 25

Answer Stats

HintAnswer% Correct
The RevenantLeonardo DiCaprio
100%
RockySylvester Stallone
92%
The WhaleBrendan Fraser
88%
Pirates of The CarribeanJohnny Depp
88%
Django UnchainedJamie Foxx
83%
FuryBrad Pitt
79%
Indiana JonesHarrison Ford
79%
Jurassic WorldChris Pratt
75%
Casino Royale (2006)Daniel Craig
75%
CreedMichael B. Jordan
71%
American History XEdward Norton
67%
Rush HourJackie Chan
67%
Inglourious BasterdsChristoph Waltz
63%
300Gerard Butler
63%
The MatrixLaurence Fishburne
63%
The Blind SideSandra Bullock
63%
Remember The TitansDenzel Washington
58%
BladeWesley Snipes
58%
The MachinistChristian Bale
50%
Coach CarterSamuel L. Jackson
50%
The Lincoln LawyerMatthew McConaughey
33%
John WickKeanu Reves
29%
Rising SunSean Connery
21%
DefianceLiev Schreiber
13%
The Book of EliIdris Elba
8%

Score Distribution

Percentile by Number Answered

Percent of People with Each Score

Your Score History

You have not taken this quiz